000 06157nas1a22005411i 4500
001 RU\NLR\INFOCOMM15\1000136948
005 20240726043228.0
035 _a(NLR Aleph) 002595655
090 _a3398573
_c3398573
100 _a20040616b19561972|||y0rusy50 ca
101 0 _arus
102 _aRU
110 _azyu||||0|y0
200 1 _aУченые записки
_fМ-во с. х. СССР. Пенз. с.-х. ин-т
207 1 _aВып.1-18
210 _aПенза
_d1956-1972
311 _aНа Вып.18 (1972) изд. прекращено. Взамен него, Трудов Сарат., Оренбург., Зап.-Казахстан. с.-х. ин-тов, Сарат. ин-та механизации сельск. хоз-ва им. М.И.Калинина и Сарат. зоовет. ин-та выходят Науч. труды Сарат. с.-х. ин-та, включающие работы сотр. всех ин-тов зоны (ш. П13/1385)
430 1 _12001#$aСборник трудов Пензенского сельскохозяйственного института
_tСборник трудов Пензенского сельскохозяйственного института
430 1 _12001#$aТруды Пензенского сельскохозяйственного института
_tТруды Пензенского сельскохозяйственного института
440 1 _12001#$aНаучные труды Саратовского сельскохозяйственного института
_1852##$aNLR$jП13/1385
_tНаучные труды Саратовского сельскохозяйственного института
440 1 _12001#$aУченые записки Пензенского сельскохозяйственного института
_tУченые записки Пензенского сельскохозяйственного института
710 0 2 _aПензенский сельскохозяйственный институт
_4070
801 1 _aRU
_bInfoComm
_c20040616
801 0 _aRU
_bNLR
_gPSBO
852 _aNLR
_jП13/808
942 _cSE
980 _aRUSPER